000 00912cai a22001935a 4500
001 L155059
008 120223u2008 xxk f 000 0 eng d
035 _a(Sirsi) u155059
041 0 _aeng
110 2 _aHellenic Statistical Authority
_96021
245 0 0 _aGreek building costs
_h[electronic resource]
260 _aPireus
_bHellenic Statistical Authority
_c2008
520 _aStatistics for Greece include material costs of residential buildings (construction cost index), prices of work categories and construction costs of new residential buildings (price indices), labour costs of residential buildings (construction costs index), and production index in construction.
590 _aKA
651 4 _aGreece
690 _aCost management
_96233
856 4 0 _uhttps://www.statistics.gr/portal/page/portal/ESYE/PAGE-themes?p_param=A1399
_zView the website free of charge at www.statistics.gr
942 _n0
999 _c120950
_d120950